|
|
|
|
| LEADER |
00000nam0a2200000 4500 |
| 001 |
42531 |
| 005 |
20231031015518.0 |
| 010 |
|
|
|a 5941572115
|
| 035 |
|
|
|a (RuTPU)RU\TPU\book\43826
|
| 090 |
|
|
|a 42531
|
| 100 |
|
|
|a 20020906d2002 m y0rusy50 ca
|
| 101 |
0 |
|
|a rus
|
| 102 |
|
|
|a RU
|
| 105 |
|
|
|a a z 001zy
|
| 200 |
1 |
|
|a Работа с базами данных в Delphi
|f В. Э. Гофман, А. Д. Хомоненко
|
| 205 |
|
|
|a 2-е изд.
|
| 210 |
|
|
|a СПб.
|c БХВ-Петербург
|d 2002
|
| 215 |
|
|
|a 621 с.
|c ил.
|
| 225 |
1 |
|
|a Мастер
|
| 320 |
|
|
|a Библиогр.: с. 616.
|
| 320 |
|
|
|a Предм. указ.: с. 617-621.
|
| 610 |
1 |
|
|a информатика
|
| 610 |
1 |
|
|a базы данных
|
| 610 |
1 |
|
|a проектирование
|
| 610 |
1 |
|
|a информационные системы
|
| 610 |
1 |
|
|a создание
|
| 610 |
1 |
|
|a локальные базы данных
|
| 610 |
1 |
|
|a реляционные базы данных
|
| 610 |
1 |
|
|a инструментальные средства
|
| 610 |
1 |
|
|a SQL
|
| 610 |
1 |
|
|a интернет
|
| 610 |
1 |
|
|a HTML
|
| 610 |
1 |
|
|a XML
|
| 610 |
1 |
|
|a Web-приложения
|
| 610 |
1 |
|
|a Delphi
|
| 675 |
|
|
|a 681.324.016
|v 3
|
| 700 |
|
1 |
|a Гофман
|b В. Э.
|g Владимир Э.
|
| 701 |
|
1 |
|a Хомоненко
|b А. Д.
|g Анатолий Д.
|
| 801 |
|
1 |
|a RU
|b 63413507
|c 20020906
|g PSBO
|
| 801 |
|
2 |
|a RU
|b 63413507
|c 20050804
|g PSBO
|
| 942 |
|
|
|c BK
|